| 000 | 00440 a2200133 4500 | ||
|---|---|---|---|
| 001 | ART_50051 | ||
| 005 | 20260410161631.0 | ||
| 008 | 260409a | ||
| 245 | 1 | 0 | _aLos efectos de las políticas económicas aplicadas durante los años 2004-2016 en el sector privado de Argentina |
| 100 | 1 | _aFano, Diego G. | |
| 700 | 1 | _aLucero, Víctor A. | |
| 700 | 1 | _aMarín, Antonio | |
| 773 | 0 |
_tEnfoques _g- N°9 (sep. 2019) _wREV416 |
|
| 999 |
_c12497 _d12497 |
||